000 00805nam a22001937a 4500
005 20140407115446.0
008 140407t2009 fr ado gr|||| 00| 0 spa d
041 _aeng
044 _afr
082 _a333.7313
_bE61i
110 2 _aUnited Nations Environment Programme
_98871
242 1 0 _aEvaluación Integrada: la incorporación de la sostenibilidad pata una formulación política
_bmanual de orientación
_cUnited Nations Environment Programme
_yspa
245 1 0 _aIntegrated Assessment: mainstreaming sustainability into policymaking
_ba guidance manual
_cUnited Nations Environment Programme
260 _a[?]
_b[?]
_c2009
300 _a56 p.
_bil., fot., tablas
_c30 cm
590 _a242 traducción por la agencia catalogadora
650 4 _aDesarrollo sostenible
_vManual
_923497
942 _2ddc
_cImpreso
999 _c8367
_d8367